Lettre a un otage / (Record no. 136930)

MARC details
000 -LEADER
campo de control de longitud fija 00521nam a2200181 4500
001 - NÚMERO DE CONTROL
campo de control 136930
003 - IDENTIFICADOR DE NÚMERO DE CONTROL
campo de control ES-MaACL
005 - FECHA Y HORA DE LA ÚLTIMA TRANSACCIÓN
campo de control 20260505130333.0
007 - CAMPO FIJO DE DESCRIPCIÓN FÍSICA--INFORMACIÓN GENERAL
campo de control de longitud fija t|
008 - DATOS DE LONGITUD FIJA--INFORMACIÓN GENERAL
campo de control de longitud fija 070214s1957 fr r ||||1| fre d
100 ## - ENTRADA PRINCIPAL--NOMBRE DE PERSONA
Nombre de persona Saint-Exupéry, Antoine de,
Fechas asociadas al nombre 1900-1944
9 (RLIN) 239169
245 10 - MENCIÓN DEL TÍTULO
Título Lettre a un otage /
Mención de responsabilidad, etc. Antoine de Saint-Exupéry.
250 ## - MENCION DE EDICION
Mención de edición 147ª. ed.
260 ## - PUBLICACIÓN, DISTRIBUCIÓN, ETC.
Lugar de publicación, distribución, etc. Paris :
Nombre del editor, distribuidor, etc. Gallimard,
Fecha de publicación, distribución, etc. 1957.
300 ## - DESCRIPCIÓN FÍSICA
Extensión 70 p. ;
Dimensiones 19 cm.
852 ## - LOCALIZACIÓN
Ubicación ES-MaACL
Número de control de estantería C-15310
Sublocalización o colección R.43241
Holdings
Estatus retirado Estado de pérdida Estado de daño No para préstamo Biblioteca de origen Biblioteca actual Ubicación en estantería Fecha de adquisición Fuente de adquisición Total de préstamos Signatura topográfica completa Código de barras Visto por última vez Precio de reemplazo Tipo de ítem Koha
        Biblioteca del Ateneo de Madrid Biblioteca del Ateneo de Madrid Ficheros 17/01/2008     C-15310 1142500 23/02/2023 23/02/2023 Libro impreso